000 00589nam a22001817a 4500
003 CEME
005 20210628203506.0
008 210121b xxu||||| |||| 00| 0 eng d
020 _a9780470-069080
040 _c.
082 _a658.4013 WAT
100 _aWatson Gregory H
_965795
245 _aStrategic benchmarking reloaded with six sigma, improve your company performance using global best practice
260 _aUSA
_bJOHN WILEY & SONS
_c2007
300 _aXVII,318P
650 _aBENCHMARKING(MANAGEMENT).SIX SIGMA(QUALITY CONTROL STANDARD).PERFORMANCE
_965796
942 _cBK
_2ddc
999 _c573904
_d573904